000 00642nam a22002411 4500
001 22591
003 CZ PrNK
005 20260401143612.0
008 030104s1968 xo slo
040 _aABA001
_bcze
_cABA001
_dABA001
041 1 _aslo
_hger
100 1 _aMay, Karl,
_d1842-1912
_4aut
245 1 0 _aOld Surehand.
_n2. diel /
_cKarl May ; Z nem. orig. prel. Terézia Černá
250 _a1. vyd.
260 _aBratislava :
_bMladé letá,
_c1968
300 _a378 s. ;
_c
490 1 _aStopy
500 _aPre čitateľov od 11 rokov
500 _aS il.
830 0 _aStopy
910 _aABA001
942 _2ddc
_cKLDO
_n0
999 _c22591
_d22591